[Event "ch-RUS Rapid 2017"]
[Site "Sochi RUS"]
[Date "2017.09.30"]
[Round "1.27"]
[White "Alekseenko, Kirill"]
[Black "Nuristani, Iman"]
[Result "1-0"]
[WhiteTitle "GM"]
[WhiteElo "2563"]
[BlackElo "2058"]
[WhiteFideId "4135539"]
[BlackFideId "34126268"]
[EventDate "2017.09.30"]

1. d4 Nf6 2. Nc3 d5 3. Bf4 e6 4. Nb5 Bd6 5. Nxd6+ cxd6 6. e3 O-O 7. Nf3 Nc6 8.
Be2 Qe7 9. h3 e5 10. Bh2 h6 11. O-O Bf5 12. c3 Rfe8 13. Qb3 a6 14. Rfd1 Rac8 15.
Rac1 Bg6 16. Qa3 Qe6 17. c4 Be4 18. dxe5 dxe5 19. Nd2 d4 20. Nxe4 Nxe4 21. Bf3
Nf6 22. Bg3 e4 23. exd4 exf3 24. d5 Qe4 25. gxf3 Qf5 26. dxc6 Rxc6 27. Kg2 Rce6
28. Qd3 Qg5 29. h4 Qa5 30. a3 Re2 31. Rc2 R2e6 32. b4 Qa4 33. Rcd2 Nh5 34. Bh2
Nf6 35. c5 Qc6 36. Qf5 Qb5 37. Bg3 Qc6 38. Rd6 Rxd6 39. Rxd6 Qa4 40. Be5 Qxa3
41. Bxf6 gxf6 42. Rxf6 Qxb4 43. Rxf7 1-0

[Event "ch-RUS Rapid 2017"]
[Site "Sochi RUS"]
[Date "2017.09.30"]
[Round "1.28"]
[White "Mutovin, Egor"]
[Black "Iljiushenok, Ilia"]
[Result "0-1"]
[BlackTitle "IM"]
[WhiteElo "2004"]
[BlackElo "2519"]
[WhiteFideId "54114861"]
[BlackFideId "24105074"]
[EventDate "2017.09.30"]

1. d4 Nf6 2. c4 g6 3. Nc3 Bg7 4. e4 d6 5. Be2 O-O 6. Nf3 e5 7. O-O Nc6 8. d5 Ne7
9. b4 Nh5 10. Re1 a5 11. bxa5 f5 12. a6 b6 13. a4 fxe4 14. Nxe4 Nf4 15. Nfd2
Rxa6 16. Bf1 Ra8 17. Nb3 h6 18. a5 bxa5 19. Rxa5 Rxa5 20. Nxa5 c5 21. Nc6 Qc7
22. Nxe7+ Qxe7 23. Be3 g5 24. Qa4 Bf5 25. Ng3 Bg6 26. Qa6 h5 27. Bxf4 Rxf4 28.
Qc8+ Kh7 29. Ra1 Qf7 30. Ra2 h4 31. Nh1 Rd4 32. f3 e4 33. Nf2 exf3 34. g3 Qe7
35. Ra8 Rd2 36. Qg8+ Kh6 37. Ng4+ Kh5 38. h3 hxg3 39. Qh8+ Bxh8 40. Rxh8+ Bh7
41. Rxh7+ Qxh7 42. Nf6+ Kh4 43. Nxh7 Rd1 44. Nf6 g2 45. Kh2 Rxf1 0-1

[Event "ch-RUS Rapid 2017"]
[Site "Sochi RUS"]
[Date "2017.09.30"]
[Round "2.1"]
[White "Inarkiev, Ernesto"]
[Black "Gochelashvili, David"]
[Result "1-0"]
[WhiteTitle "GM"]
[BlackTitle "IM"]
[WhiteElo "2694"]
[BlackElo "2432"]
[WhiteFideId "4162722"]
[BlackFideId "4161203"]
[EventDate "2017.09.30"]

1. e4 c5 2. Nf3 d6 3. d4 Nf6 4. Nc3 cxd4 5. Nxd4 g6 6. Be3 Bg7 7. f3 Nc6 8. Qd2
O-O 9. g4 Be6 10. O-O-O Qa5 11. Nxe6 fxe6 12. Bc4 d5 13. exd5 Ne5 14. Bb3 Rac8
15. d6 Nxf3 16. Qe2 Rxc3 17. dxe7 Re8 18. Qxf3 Rxb3 19. cxb3 Nd5 20. Rhf1 Rxe7
21. Kb1 h6 22. Qe4 Kh7 23. Bd4 e5 24. Bc5 Nc3+ 25. bxc3 Qxc5 26. Rf3 b5 27. h4
Re6 28. h5 a5 29. Rf7 b4 30. Qb7 1-0

[Event "ch-RUS Rapid 2017"]
[Site "Sochi RUS"]
[Date "2017.09.30"]
[Round "2.2"]
[White "Nazaretyan, Tigran"]
[Black "Andreikin, Dmitry"]
[Result "0-1"]
[BlackTitle "GM"]
[WhiteElo "2303"]
[BlackElo "2708"]
[WhiteFideId "24162345"]
[BlackFideId "4158814"]
[EventDate "2017.09.30"]

1. d4 d5 2. c4 c6 3. Nf3 Nf6 4. Nc3 a6 5. e3 Bf5 6. Bd3 Bxd3 7. Qxd3 e6 8. O-O
Bb4 9. Bd2 O-O 10. Rfd1 a5 11. a3 Bxc3 12. Bxc3 Ne4 13. Nd2 f5 14. f3 Nxd2 15.
Bxd2 Nd7 16. b4 axb4 17. Bxb4 Rf7 18. Rdb1 Nb6 19. cxd5 exd5 20. Re1 Qd7 21.
Rad1 Nc4 22. Rc1 b5 23. e4 dxe4 24. fxe4 f4 25. Rxc4 bxc4 26. Qxc4 Qg4 27. Rf1
Re8 28. Qxc6 Rc8 29. Qd5 h6 30. e5 Qf5 31. Bc5 Kh7 32. Re1 Qg6 33. e6 f3 34. Kf2
Qxg2+ 35. Ke3 f2 36. Qxg2 fxe1=Q+ 37. Qe2 Qxe2+ 38. Kxe2 Re8 39. e7 Rfxe7+ 40.
Bxe7 Rxe7+ 41. Kd3 Ra7 0-1

[Event "ch-RUS Rapid 2017"]
[Site "Sochi RUS"]
[Date "2017.09.30"]
[Round "2.3"]
[White "Fedoseev, Vladimir3"]
[Black "Korchmar, Vasiliy"]
[Result "0-1"]
[WhiteTitle "GM"]
[BlackTitle "IM"]
[WhiteElo "2731"]
[BlackElo "2399"]
[WhiteFideId "24130737"]
[BlackFideId "24131750"]
[EventDate "2017.09.30"]

1. b3 d5 2. Nf3 Bf5 3. Ba3 Nf6 4. e3 Nbd7 5. c4 e6 6. Bxf8 Nxf8 7. Be2 h6 8. Nc3
N8d7 9. Nd4 Bh7 10. cxd5 exd5 11. b4 c6 12. O-O O-O 13. d3 Re8 14. Qd2 Qe7 15.
a3 Bg6 16. h3 Qd6 17. f4 Bh5 18. g4 Bg6 19. Rf3 b6 20. Kh1 c5 21. Ncb5 Qb8 22.
Nf5 a6 23. Nc3 Bxf5 24. gxf5 d4 25. Nd1 Qb7 26. Kh2 Rad8 27. e4 c4 28. Nf2 c3
29. Qa2 a5 30. Rg1 Qc7 31. Bd1 axb4 32. e5 Nh5 33. Ng4 Kf8 34. axb4 Ra8 35. Qf2
Qc6 36. e6 fxe6 37. Ne5 Qd5 38. Bb3 Qxb3 39. Nxd7+ Ke7 40. Qxd4 Ra2+ 41. Kh1 Qb2
42. Rxg7+ Nxg7 43. f6+ Kf7 44. Ne5+ Kf8 45. Qg1 Ra1 46. Rf1 Rxf1 47. Qxf1 c2 0-1

[Event "ch-RUS Rapid 2017"]
[Site "Sochi RUS"]
[Date "2017.09.30"]
[Round "2.4"]
[White "Oganian, Miran"]
[Black "Jakovenko, Dmitry"]
[Result "0-1"]
[WhiteTitle "IM"]
[BlackTitle "GM"]
[WhiteElo "2454"]
[BlackElo "2710"]
[WhiteFideId "4122488"]
[BlackFideId "4122356"]
[EventDate "2017.09.30"]

1. d4 Nf6 2. c4 e6 3. g3 c5 4. d5 exd5 5. cxd5 d6 6. Nc3 g6 7. Nf3 Bg7 8. Bg2
O-O 9. O-O Re8 10. Bf4 h6 11. h3 g5 12. Bc1 Bf5 13. Nd2 Qd7 14. g4 Bg6 15. a4
Na6 16. Nc4 Nb4 17. f4 Bc2 18. Qd2 Ne4 19. Nxe4 Bxe4 20. fxg5 Bxg2 21. Kxg2 hxg5
22. Ne3 Rxe3 23. Qxe3 Nc2 24. Qd3 Nxa1 25. Bxg5 Qxa4 26. Qf3 f6 27. Bxf6 Rf8 28.
g5 Nc2 29. Qd3 Re8 30. Bxg7 Ne3+ 31. Kg1 Kxg7 32. Rf6 Qd1+ 33. Qxd1 Nxd1 34.
Rxd6 Rxe2 35. h4 Ne3 36. Re6 Rg2+ 37. Kh1 Rg3 38. h5 Nxd5 39. Re5 Nf4 40. Rxc5
Rh3+ 41. Kg1 Rxh5 42. Rc7+ Kg6 43. Rxb7 Rxg5+ 44. Kf2 Ra5 45. Ke3 Nd5+ 46. Kd4
Nb6 47. b4 Ra1 48. Kc5 Kf6 49. Kc6 Ke6 50. Rh7 Nc4 51. Rh4 Ne5+ 52. Kb7 Kd5 53.
Rh6 Ra4 54. b5 Nd7 55. Kc7 Nb6 56. Kb7 Ra1 57. Rc6 Nd7 58. Rc7 Kd6 59. Rc6+ Kd5
60. Rc7 Nc5+ 61. Kb8 a5 62. Ra7 a4 63. Kc7 Kc4 64. b6 Rh1 65. b7 Rh7+ 66. Kc6
Rh6+ 67. Kc7 Nxb7 68. Rxa4+ Kb5 69. Ra1 Rh7+ 70. Kb8 Nc5 71. Rg1 Re7 72. Rg6 Ne6
73. Rg1 Kb6 74. Rb1+ Kc6 75. Re1 Rb7+ 76. Kc8 Rc7+ 77. Kb8 Nc5 78. Rc1 Rh7 79.
Ka8 Rg7 80. Rc2 Kb6 81. Rb2+ Kc7 82. Ka7 Rg4 83. Ra2 Rb4 84. Ka8 Rc4 85. Ra6
Nxa6 0-1

[Event "ch-RUS Rapid 2017"]
[Site "Sochi RUS"]
[Date "2017.09.30"]
[Round "2.5"]
[White "Artemiev, Vladislav"]
[Black "Ivanov, Alexander Al."]
[Result "0-1"]
[WhiteTitle "GM"]
[BlackTitle "GM"]
[WhiteElo "2692"]
[BlackElo "2400"]
[WhiteFideId "24101605"]
[BlackFideId "4126360"]
[EventDate "2017.09.30"]

1. e4 d6 2. d4 Nf6 3. Nc3 e5 4. Nge2 Be7 5. g3 c5 6. dxe5 dxe5 7. Qxd8+ Bxd8 8.
Be3 b6 9. Nd5 Nc6 10. Nxf6+ Bxf6 11. Nc3 Nd4 12. O-O-O Bg4 13. Rd2 O-O 14. Bg2
Rfe8 15. Nd5 Bd8 16. c3 Nc6 17. f4 f6 18. Re1 Ne7 19. Bf2 Rb8 20. Bf1 Nxd5 21.
exd5 Bd7 22. Rde2 Bc7 23. d6 Bd8 24. fxe5 Rxe5 25. Rxe5 fxe5 26. Bc4+ Kf8 27.
Be3 Bf6 28. Rf1 Ke8 29. Bd3 Be6 30. Bxh7 Kd7 31. b3 Rh8 32. Be4 Rxh2 33. Rf2
Rxf2 34. Bxf2 Bg5+ 35. Kc2 Kxd6 36. Kd3 Ke7 37. c4 Kf6 38. Be1 Bh6 39. Ke2 Kg5
40. Kf3 Bg4+ 41. Kf2 Bf5 42. Kf3 Bg4+ 43. Kf2 Kf6 44. Bc3 Bc1 45. Ba1 Bd2 46.
Bb2 g5 47. Bd3 Ke6 48. Be4 Ba5 49. Bc1 Bf5 50. Kf3 g4+ 51. Ke3 Be1 52. Bb7 Bxg3
53. Bb2 Bf4+ 54. Kf2 Kf6 55. Bc3 Bb1 56. a4 Bc2 57. b4 Bxa4 58. bxc5 bxc5 59.
Ba5 Bb3 60. Bd5 Ke7 61. Bc7 Kd7 62. Bb8 a5 63. Ba7 g3+ 64. Ke2 a4 65. Bxc5 Bc1
66. Bb4 a3 67. Kd3 Bb2 68. Bc3 Bxc3 69. Kxc3 a2 70. Kb2 Kd6 71. Ka1 Kc5 0-1

[Event "ch-RUS Rapid 2017"]
[Site "Sochi RUS"]
[Date "2017.09.30"]
[Round "2.7"]
[White "Tomashevsky, Evgeny"]
[Black "Savitskiy, Sergey"]
[Result "1-0"]
[WhiteTitle "GM"]
[BlackTitle "IM"]
[WhiteElo "2710"]
[BlackElo "2412"]
[WhiteFideId "4147235"]
[BlackFideId "24105660"]
[EventDate "2017.09.30"]

1. Nf3 Nf6 2. g3 g6 3. Bg2 Bg7 4. O-O O-O 5. c4 d6 6. d4 Nc6 7. Nc3 a6 8. e3 Rb8
9. Qe2 b5 10. Rd1 Na5 11. cxb5 axb5 12. b4 Nc6 13. a3 Na7 14. e4 Ne8 15. Be3 Bd7
16. Rac1 Nc8 17. d5 e5 18. dxe6 fxe6 19. e5 d5 20. Bg5 Ne7 21. Rxd5 exd5 22.
Nxd5 Rf7 23. e6 Bxe6 24. Nxe7+ Rxe7 25. Bxe7 Qxe7 26. Bh3 Rb6 27. Re1 Nd6 28.
Bxe6+ Kh8 29. Qc2 Bf6 30. h4 Kg7 31. h5 Qd8 32. Ne5 Bxe5 33. Rxe5 Rb7 34. Qc3
Kh6 35. Bd5 Rb8 36. Qe3+ 1-0

[Event "ch-RUS Rapid 2017"]
[Site "Sochi RUS"]
[Date "2017.09.30"]
[Round "2.8"]
[White "Popov, Mikhail"]
[Black "Popov, Ivan RUS"]
[Result "1/2-1/2"]
[WhiteTitle "FM"]
[BlackTitle "GM"]
[WhiteElo "2416"]
[BlackElo "2599"]
[WhiteFideId "4146182"]
[BlackFideId "4170350"]
[EventDate "2017.09.30"]

1. d4 Nf6 2. Bf4 c5 3. d5 d6 4. c4 e5 5. dxe6 Bxe6 6. Nc3 Nc6 7. e4 Ne5 8. Qb3
Be7 9. Bxe5 dxe5 10. Nf3 O-O 11. Be2 Qc7 12. O-O a6 13. a4 h6 14. Rfd1 Rfd8 15.
Qc2 g6 16. Nd5 Nxd5 17. cxd5 Bg4 18. a5 Rac8 19. Qc4 Bd7 20. Qc3 Bd6 21. Nd2 Bb5
22. Bc4 h5 23. Qd3 Bd7 24. Qe3 Kg7 25. Be2 Bb5 26. Bc4 Bd7 1/2-1/2

[Event "ch-RUS Rapid 2017"]
[Site "Sochi RUS"]
[Date "2017.09.30"]
[Round "2.9"]
[White "Alekseev, Evgeny"]
[Black "Selin, Vladimir"]
[Result "1-0"]
[WhiteTitle "GM"]
[WhiteElo "2622"]
[BlackElo "2322"]
[WhiteFideId "4138147"]
[BlackFideId "4168321"]
[EventDate "2017.09.30"]

1. e4 Nc6 2. d4 d5 3. e5 Bf5 4. c3 e6 5. Bd3 Nge7 6. Ne2 Qd7 7. O-O O-O-O 8. b4
f6 9. f4 h5 10. a4 h4 11. Qc2 a5 12. b5 Nb8 13. Nd2 Bxd3 14. Qxd3 Nf5 15. Nf3 c5
16. bxc6 Qxc6 17. Ba3 Nd7 18. Rfb1 Nb6 19. Bxf8 Rhxf8 20. Rb5 Kb8 21. Rxa5 Nc4
22. Rb5 Rc8 23. Nd2 Nxd2 24. Qxd2 Rf7 25. Qd3 Rfc7 26. Rab1 Ka7 27. Ra5+ Kb8 28.
Rab5 Ka7 29. R1b4 Qa6 30. Qb1 Ne3 31. a5 Nc4 32. Rb6 Qxa5 33. Rxb7+ Rxb7 34.
Rxb7+ Ka8 35. Rb4 Ka7 36. Nc1 Qa6 37. Nd3 Nb6 38. Nc5 Qa5 39. Rb5 1-0

[Event "ch-RUS Rapid 2017"]
[Site "Sochi RUS"]
[Date "2017.09.30"]
[Round "2.10"]
[White "Motylev, Alexander"]
[Black "Domogaev, Sergey"]
[Result "1/2-1/2"]
[WhiteTitle "GM"]
[BlackTitle "GM"]
[WhiteElo "2668"]
[BlackElo "2408"]
[WhiteFideId "4121830"]
[BlackFideId "24103608"]
[EventDate "2017.09.30"]

1. e4 a6 2. d4 c5 3. dxc5 e6 4. Be3 Qc7 5. Nd2 Nf6 6. b4 d6 7. cxd6 Bxd6 8. a3
O-O 9. Bd3 Nbd7 10. Ngf3 Ng4 11. Bd4 b6 12. Nc4 Be7 13. h3 Ngf6 14. O-O Bb7 15.
e5 Nd5 16. Qd2 Rad8 17. Rfe1 Nb8 18. Rad1 Nc6 19. Bb2 b5 20. Nd6 Bxd6 21. exd6
Qxd6 22. Ng5 h6 23. Ne4 Qf4 24. Nc5 Bc8 25. Qxf4 Nxf4 26. Bf1 Nd5 27. c4 Nc7 28.
Rc1 Rd2 29. Bc3 Ra2 30. Ra1 Rc2 31. Rec1 Rxc1 32. Rxc1 Rd8 33. f3 bxc4 34. Bxc4
Nb5 35. Bb2 Rd2 36. Rb1 Ncd4 37. Ne4 Rc2 38. Bd3 Rc7 39. a4 f5 40. Nc5 1/2-1/2

[Event "ch-RUS Rapid 2017"]
[Site "Sochi RUS"]
[Date "2017.09.30"]
[Round "2.11"]
[White "Potkin, Vladimir"]
[Black "Nechaev, Oleg"]
[Result "1-0"]
[WhiteTitle "GM"]
[BlackTitle "FM"]
[WhiteElo "2574"]
[BlackElo "2410"]
[WhiteFideId "4131061"]
[BlackFideId "24113409"]
[EventDate "2017.09.30"]

1. c4 c5 2. Nf3 g6 3. d4 Bg7 4. d5 b5 5. cxb5 a6 6. b6 Nf6 7. Nc3 O-O 8. e4 d6
9. a4 a5 10. Bb5 Nbd7 11. O-O Nxb6 12. Re1 Ba6 13. Bg5 Bxb5 14. axb5 h6 15. Bf4
Ne8 16. Qd2 Kh7 17. h4 Nc7 18. Qe2 Qd7 19. g3 a4 20. Bd2 Ra5 21. e5 Qg4 22. Ng5+ 1-0

[Event "ch-RUS Rapid 2017"]
[Site "Sochi RUS"]
[Date "2017.09.30"]
[Round "2.12"]
[White "Stambulian, Arsen"]
[Black "Rublevsky, Sergei"]
[Result "1-0"]
[WhiteTitle "IM"]
[BlackTitle "GM"]
[WhiteElo "2362"]
[BlackElo "2683"]
[WhiteFideId "13300296"]
[BlackFideId "4115309"]
[EventDate "2017.09.30"]

1. e4 c5 2. Nf3 e6 3. d4 cxd4 4. Nxd4 a6 5. Bd3 Bc5 6. Nb3 Be7 7. O-O d6 8. Be3
Nf6 9. Nc3 Nbd7 10. a4 b6 11. Qe2 Bb7 12. f4 O-O 13. Bf2 e5 14. fxe5 dxe5 15.
Nd5 Nxd5 16. exd5 f5 17. c4 a5 18. Rad1 Bd6 19. Nd4 e4 20. Nxf5 Rxf5 21. Qxe4
Rf6 22. Qxh7+ Kf8 23. Bh4 Qe7 24. Bg6 Qe3+ 25. Kh1 Be5 26. Qh8+ Ke7 27. Qxg7+
Kd6 28. Bxf6 Nxf6 29. Rxf6+ Bxf6 30. Qxf6+ Kc5 31. Qf7 Ba6 32. d6 Kb4 33. d7 Bb7
34. Qf1 Rd8 35. Be8 Kxa4 36. Rd3 Qe4 37. Qd1+ Kb4 38. Qb3+ Kc5 39. Qb5# 1-0

[Event "ch-RUS Rapid 2017"]
[Site "Sochi RUS"]
[Date "2017.09.30"]
[Round "2.13"]
[White "Grachev, Boris"]
[Black "Tekeyev, Zaur"]
[Result "1/2-1/2"]
[WhiteTitle "GM"]
[BlackTitle "FM"]
[WhiteElo "2654"]
[BlackElo "2380"]
[WhiteFideId "4129199"]
[BlackFideId "4199731"]
[EventDate "2017.09.30"]

1. d4 Nf6 2. c4 g6 3. Nc3 Bg7 4. e4 O-O 5. Bg5 d6 6. Qd2 Na6 7. Bd3 e5 8. d5 c6
9. Nge2 cxd5 10. Nxd5 Nc7 11. Nec3 Ncxd5 12. cxd5 Qb6 13. O-O Bd7 14. Be3 Qd8
15. f3 Nh5 16. Ne2 a5 17. g4 Nf6 18. Ng3 b5 19. Rac1 Qb8 20. Rc2 b4 21. Rfc1 b3
22. axb3 Qxb3 23. Rc7 Rfd8 24. R1c3 Qb8 25. Qf2 Ne8 26. Ra7 a4 27. Rxa8 Qxa8 28.
g5 Qb7 29. h4 Rb8 30. Rc2 Qb3 31. Bc4 Qb4 32. Bf1 f6 33. Qd2 Qb7 34. Bf2 Bf8 35.
Qa5 Be7 36. Be3 Bd8 37. Qd2 Bb6 38. Kg2 Bxe3 39. Qxe3 Qb3 40. Qxb3 Rxb3 41. Ne2
h6 42. Nc1 Rb6 43. gxh6 Kh7 44. Kg3 Kxh6 45. f4 Rb4 46. Bd3 exf4+ 47. Kxf4 g5+
48. hxg5+ fxg5+ 49. Ke3 Nf6 50. Na2 Ng4+ 51. Kd2 Rb8 52. Nc3 Ne5 53. Be2 g4 54.
Ke3 Kg5 55. Bf1 Rb3 56. Be2 g3 57. Rc1 Rxb2 58. Rg1 Kh4 59. Kf4 Ng6+ 60. Kf3
Bg4+ 61. Ke3 Bh3 62. Nb5 g2 63. Nxd6 Kg3 64. Nc4 Rb3+ 65. Kd4 Nf4 66. Bd1 Kf2
67. Rxg2+ Bxg2 68. Bxb3 axb3 69. Kc3 Nxd5+ 1/2-1/2

[Event "ch-RUS Rapid 2017"]
[Site "Sochi RUS"]
[Date "2017.09.30"]
[Round "2.14"]
[White "Kozak, Alexander"]
[Black "Sakaev, Konstantin"]
[Result "0-1"]
[WhiteTitle "FM"]
[BlackTitle "GM"]
[WhiteElo "2315"]
[BlackElo "2594"]
[WhiteFideId "4135881"]
[BlackFideId "4104226"]
[EventDate "2017.09.30"]

1. e4 c5 2. c3 d5 3. exd5 Qxd5 4. d4 Nc6 5. Nf3 Bf5 6. Be3 e6 7. c4 Qd7 8. Nc3
cxd4 9. Nxd4 Nxd4 10. Bxd4 Ne7 11. Nb5 Nc6 12. Bc3 O-O-O 13. Qa4 a6 14. Be2 Bc5
15. O-O Nd4 16. Bxd4 Bxd4 17. Rfd1 axb5 18. cxb5 Kb8 19. Bf3 Qd6 20. Bxb7 Kxb7
21. Rxd4 Qxd4 22. Qa6+ Kb8 0-1

[Event "ch-RUS Rapid 2017"]
[Site "Sochi RUS"]
[Date "2017.09.30"]
[Round "2.15"]
[White "Zvjaginsev, Vadim"]
[Black "Zhitnikov, Konstantin"]
[Result "1/2-1/2"]
[WhiteTitle "GM"]
[BlackTitle "FM"]
[WhiteElo "2643"]
[BlackElo "2268"]
[WhiteFideId "4113403"]
[BlackFideId "34152846"]
[EventDate "2017.09.30"]

1. e4 c6 2. Nc3 d5 3. Qe2 dxe4 4. Nxe4 Bf5 5. d3 e6 6. g4 Bg6 7. f4 Bxe4 8. dxe4
Qh4+ 9. Kd1 Bc5 10. c3 Na6 11. Kc2 Rd8 12. g5 h6 13. Nf3 Qf2 14. b4 Bb6 15. g6
fxg6 16. Qxf2 Bxf2 17. Bc4 Nc7 18. Rf1 Bb6 19. a4 a6 20. Ne5 Ne7 21. Ba3 Rf8 22.
Rae1 Rf6 23. Bb3 Ba7 24. Bc1 b5 25. Rd1 Rxd1 26. Rxd1 g5 27. fxg5 Rf2+ 28. Kb1
bxa4 29. Bxa4 Nb5 30. Bxb5 cxb5 31. Rd6 Bb8 32. Rxe6 Bxe5 33. Rxe5 Rxh2 34. gxh6
gxh6 35. Re6 Kd7 36. Rxa6 h5 37. Bf4 Re2 38. Rd6+ Ke8 39. e5 Re4 40. Bg5 Rxe5
41. Bf6 Re1+ 42. Kc2 Nf5 43. Rb6 Ne3+ 44. Kd3 Nd5 45. Rb8+ Kf7 46. Bd4 h4 47.
Rxb5 h3 48. Rxd5 h2 49. Rh5 h1=Q 50. Rxh1 Rxh1 51. Kc4 Ke6 52. Kc5 Kd7 53. Kb6
Kc8 54. b5 Rh6+ 55. Ka7 Rh7+ 56. Ka6 Kb8 57. b6 Ka8 58. c4 Ra7+ 59. Kb5 Ra3 60.
Kc6 Rb3 61. Kc7 Rb5 62. Kc6 Rb4 63. Kc5 Rb1 64. Kc6 Rb4 65. Kd5 Kb7 66. c5 Rb5
67. Kd6 Kc8 68. c6 Rb4 69. Kc5 Rb1 70. Kc4 Kb8 71. Bc5 Rc1+ 72. Kb5 Rb1+ 73. Bb4
Kc8 74. Kc5 Rc1+ 75. Kd5 Rd1+ 76. Ke6 Rb1 77. Bc5 Rb2 78. Kd5 Rb1 79. Bd4 Rb3
80. Kc4 Rb1 81. Bc5 Rc1+ 82. Kb5 Rb1+ 83. Bb4 Kb8 84. Ka4 Kc8 85. Ka3 Kb8 86.
Ka4 Ra1+ 87. Kb3 Rb1+ 88. Kc4 Kc8 89. Kc5 Rc1+ 90. Kd6 Rd1+ 91. Ke7 Rb1 92. Bc5
Rb5 93. Kd6 Rb1 94. Bd4 Rb5 95. Ke6 Rb4 96. Kd5 Rb1 97. Kc4 Kb8 98. Be5+ Kc8 99.
Kc5 Rb3 100. Bd4 Rb1 101. Kc4 Kb8 102. Kc3 Rc1+ 1/2-1/2

[Event "ch-RUS Rapid 2017"]
[Site "Sochi RUS"]
[Date "2017.09.30"]
[Round "2.16"]
[White "Slavin, Alexey"]
[Black "Bocharov, Dmitry"]
[Result "1/2-1/2"]
[WhiteTitle "IM"]
[BlackTitle "GM"]
[WhiteElo "2364"]
[BlackElo "2585"]
[WhiteFideId "24104388"]
[BlackFideId "4138716"]
[EventDate "2017.09.30"]

1. d4 Nf6 2. Nf3 e6 3. e3 b6 4. Bd3 Bb7 5. O-O d5 6. b3 Nbd7 7. Bb2 Bd6 8. Nbd2
O-O 9. Ne5 c5 10. f4 cxd4 11. exd4 Ne4 12. Nxe4 dxe4 13. Bc4 Qc7 14. Kh1 Rac8
15. Rc1 Bd5 16. Bb5 Nb8 17. c4 Ba8 18. d5 f6 19. Qg4 f5 20. Qg3 exd5 21. Nd7 Rf7
22. cxd5 Qd8 23. Nf6+ Kh8 24. Qh4 gxf6 25. Rxc8 Qxc8 26. Bxf6+ Kg8 27. Qg5+ Kf8
28. Qh6+ Kg8 29. Qg5+ Kf8 30. Qh6+ Kg8 31. Qg5+ Kf8 32. Bb2 1/2-1/2

[Event "ch-RUS Rapid 2017"]
[Site "Sochi RUS"]
[Date "2017.09.30"]
[Round "2.17"]
[White "Timofeev, Artyom"]
[Black "Derjabin, Ilja"]
[Result "1-0"]
[WhiteTitle "GM"]
[BlackTitle "IM"]
[WhiteElo "2549"]
[BlackElo "2360"]
[WhiteFideId "4140419"]
[BlackFideId "14104768"]
[EventDate "2017.09.30"]

1. c4 c5 2. Nf3 Nf6 3. Nc3 d5 4. cxd5 Nxd5 5. Qa4+ Bd7 6. Qb3 Nxc3 7. dxc3 Nc6
8. Qxb7 Rb8 9. Qa6 g6 10. e4 Bg7 11. Be2 O-O 12. O-O Qc7 13. Qa3 Ne5 14. Nxe5
Qxe5 15. Be3 Qxe4 16. Bf3 Qc2 17. Qxa7 Be6 18. a4 Qxb2 19. a5 Bxc3 20. a6 Qxa1
21. Rxa1 Bxa1 22. Bb7 Rfd8 23. h3 Be5 24. f4 Bd4 25. Kf2 Bc4 26. Qb6 Bxe3+ 27.
Kxe3 Rd3+ 28. Kf2 Bxa6 29. Qxa6 Rd2+ 30. Kg3 Rb2 31. Bf3 e6 32. Qc6 Rc2 33. Qc7
Rf8 34. Kg4 h6 35. h4 h5+ 36. Kg5 Kg7 37. Qe7 Rd2 38. Qf6+ Kh7 39. Be4 c4 40.
Bxg6+ fxg6 41. Qe7+ 1-0

[Event "ch-RUS Rapid 2017"]
[Site "Sochi RUS"]
[Date "2017.09.30"]
[Round "2.18"]
[White "Zakaryan, David"]
[Black "Kobalia, Mikhail"]
[Result "1/2-1/2"]
[WhiteTitle "FM"]
[BlackTitle "GM"]
[WhiteElo "2293"]
[BlackElo "2596"]
[WhiteFideId "24101923"]
[BlackFideId "4119150"]
[EventDate "2017.09.30"]

1. d4 f5 2. Nc3 Nf6 3. Bg5 d5 4. Bxf6 exf6 5. e3 Be6 6. Qf3 Qd7 7. Bd3 Nc6 8.
Nge2 g6 9. h4 Nb4 10. Nf4 Bf7 11. O-O-O Nxd3+ 12. Nxd3 h5 13. Kb1 O-O-O 14. a3
Qc6 15. Nb4 Qe6 16. Qe2 Kb8 17. Qb5 Qb6 18. Nd3 Qxb5 19. Nxb5 b6 20. Nf4 a5 21.
a4 Bb4 22. c3 Be7 23. Kc2 c6 24. Na3 Bxa3 25. bxa3 Kc7 26. Rb1 Rb8 27. Nd3 Rhe8
28. Kd2 Re7 29. Rb2 Ree8 30. g3 Red8 31. Rhb1 1/2-1/2

[Event "ch-RUS Rapid 2017"]
[Site "Sochi RUS"]
[Date "2017.09.30"]
[Round "2.19"]
[White "Khismatullin, Denis"]
[Black "Novikov, Konstantin"]
[Result "1-0"]
[WhiteTitle "GM"]
[WhiteElo "2628"]
[BlackElo "2227"]
[WhiteFideId "4142578"]
[BlackFideId "24163554"]
[EventDate "2017.09.30"]

1. d4 Nf6 2. c4 c5 3. d5 b5 4. cxb5 a6 5. bxa6 g6 6. Nc3 Bg7 7. Nf3 O-O 8. e4
Qa5 9. Nd2 Bxa6 10. Be2 d6 11. O-O Nbd7 12. Nc4 Bxc4 13. Bxc4 Rfb8 14. Qc2 Ne8
15. Bd2 Qb4 16. b3 Qa5 17. a4 Ne5 18. Be2 Qb6 19. Rab1 Nc7 20. Rfc1 e6 21. dxe6
fxe6 22. Nb5 Nxb5 23. Bxb5 Nc6 24. Qc4 Nd4 25. Bd7 Kf7 26. Bc3 Qa6 27. Qxa6 Rxa6
28. Bxd4 Bxd4 29. Bb5 Ra7 30. g3 Ke7 31. Kg2 g5 32. Rf1 Rf8 33. Rbd1 Raa8 34.
Rd3 g4 35. f3 h5 36. Bc4 Rf6 37. f4 Rff8 38. h3 Kf6 39. Rh1 Rh8 40. hxg4 hxg4
41. Rdd1 d5 42. exd5 exd5 43. Bxd5 Rxh1 44. Rxh1 Re8 45. Rh6+ Kf5 46. Rh5+ Kf6
47. Rg5 Re2+ 48. Kf1 Rf2+ 49. Ke1 Rb2 50. Rxg4 Bc3+ 51. Kf1 Rc2 52. Rg6+ Kf5 53.
Rg5+ Kf6 54. Be4 Rc1+ 55. Ke2 Bd4 56. Bd5 Rc2+ 57. Kf3 Rf2+ 58. Kg4 1-0

[Event "ch-RUS Rapid 2017"]
[Site "Sochi RUS"]
[Date "2017.09.30"]
[Round "2.20"]
[White "Murzin, Volodar"]
[Black "Rozum, Ivan"]
[Result "0-1"]
[WhiteTitle "FM"]
[BlackTitle "GM"]
[WhiteElo "2280"]
[BlackElo "2590"]
[WhiteFideId "44155573"]
[BlackFideId "24104272"]
[EventDate "2017.09.30"]

1. Nf3 g6 2. g3 Bg7 3. Bg2 e5 4. d3 d6 5. c4 Nc6 6. O-O Be6 7. Nc3 h6 8. Nd5
Nce7 9. Nxe7 Nxe7 10. e4 O-O 11. b3 c5 12. Bd2 Qd7 13. Ne1 f5 14. Nc2 f4 15. f3
Rf7 16. Rb1 Raf8 17. gxf4 exf4 18. d4 cxd4 19. Be1 Nc6 20. Bf2 g5 21. Nxd4 Nxd4
22. Bxd4 g4 23. Kf2 h5 24. a4 Qe7 25. Bxg7 Rxg7 26. Ke2 h4 27. h3 gxh3 28. Bh1
Qf6 29. Qd3 Qe5 30. Rbd1 Rf6 31. Qd4 b6 32. Kf2 Rfg6 33. Qxd6 Rg2+ 34. Bxg2
Rxg2+ 35. Ke1 Qc3+ 36. Rd2 Qc1+ 37. Rd1 Qe3# 0-1

[Event "ch-RUS Rapid 2017"]
[Site "Sochi RUS"]
[Date "2017.09.30"]
[Round "2.21"]
[White "Rakhmanov, Aleksandr"]
[Black "Gogolev, Artem"]
[Result "1-0"]
[WhiteTitle "GM"]
[WhiteElo "2669"]
[BlackElo "2408"]
[WhiteFideId "4173708"]
[BlackFideId "4116615"]
[EventDate "2017.09.30"]

1. d4 Nf6 2. c4 e6 3. Nc3 Bb4 4. e3 c5 5. Bd3 d5 6. Ne2 O-O 7. cxd5 cxd4 8. exd4
Nxd5 9. O-O Nc6 10. Be4 Nf6 11. Bf3 h6 12. Be3 Ne7 13. Bf4 Bd6 14. Rc1 Nf5 15.
Bxd6 Qxd6 16. Qd2 Nh4 17. Be4 Bd7 18. Bxb7 Rab8 19. Be4 Ng4 20. Ng3 f5 21. Bb1
Ne5 22. Qe2 Qxd4 23. Rfe1 Nhg6 24. Rcd1 Qh4 25. Rxd7 Nxd7 26. Qxe6+ Rf7 27. Qxg6
Rb6 28. Nxf5 Qf4 29. Nd5 Qd2 30. Re8+ Nf8 31. Nde7+ Kh8 32. Rxf8+ 1-0